000 00519nam a22002177a 4500
003 UA-OsUOA
001 36894
007 ta
008 20060216b un ||||| |||| 00| 0 ukr d
100 _aБулгаков С.
090 _a2
_bБ11
942 _cSA
040 _aUA-OsUOA
_bukr
_cUA-OsUOA
_dUA-OsUOA
245 _aКарл Маркс як релігійний тип
300 _aС.5-22
955 _a0
041 _aukr
080 _a2
773 0 _w36893
650 7 _a2 Релігія. Теологія.
_2UDC
999 _c323123
_d323123